Word Ladder: Shakespeare & The Beatles Quiz Stats

 Plays Quiz Updated Oct 26, 2018

Challenge
Share
Tweet
Embed
Score 0/21 Timer 05:00
0 Plays Today
Quotation 3-Letter Word % Correct
'Killing me softly with ____ song' - Roberta Flack (pronoun)his
95%
✾ ''____ a real Nowhere Man, Sitting in his Nowhere Land
Making all his Nowhere plans for nobody'' ✾ - Beatles
✾ He's ✾
90.1%
✾ ''To be, or not to be: that is the question: Whether ____ nobler in the mind to suffer
The slings and arrows of outrageous fortune'' ✾ - Shakespeare
✾ 'tis ✾
89.2%
✾ '____ been a hard day's night, and I've been working like a dog' ✾ - The Beatles✾ It's ✾
84.3%
✾ 'Love, love me do. You know I love you, ____ always be true' ✾ - The Beatles✾ I'll ✾
78%
✾ '____ just seen a face, I can't forget the time or place where we just met.' ✾ - The Beatles✾ I've ✾
76.3%
'____ a L'autre cote de l'eau' - Jacques du Lumerie (French for 'Island')Île
69%
✾ 'You say you got a real solution Well, you know
____ all love to see the plan' ✾ - Beatles
✾ We'd ✾
66.1%
'Cousin ____, you're losing your hair!' - Morticia, The Addams Family (TV 'character')Itt
65.9%
'Love led me to a thicket of ____, Where bristling needles thirsted for each vein'
- Baudelaire (abbr: hospital devices for infusing fluids)
IVs
65.2%
✾ ''____ let us in, knows where we've been
In his octopus's garden in the shade'' ✾ - Beatles
✾ He'd ✾
63.9%
Quotation 3-Letter Word % Correct
'And dare we to this fancy give, That had the wild ____ not been sown'
- Tennyson (cereal grass)
oat
57.5%
'There are no galley-slaves in the royal vessel of divine love,
Every man works his ____ voluntarily' - St. Francis De Sales (rowing blade)
oar
51.5%
✾ 'How ____ with me, when every noise appals me' ✾ - Shakespeare✾ is't ✾
44.1%
'Dulce et decorum ____ pro patria mori' - Horace (latin, 'it is')est
42.2%
✾ 'It was a lover and his lass, With a hey, and a ho, and a hey nonino,
That ____ the green corn-field did pass' ✾ - Shakespeare
✾ o'er ✾
40.4%
'____, in the stilly night, Ere slumber's chain has bound me,
Fond memory brings the light Of other days around me' - Thomas Moore (frequently)
Oft
32.5%
'Here is no ____ or mortal snake, But only sluggish duck and drake' - T.S. Eliot (young newt)eft
27.8%
✾ '...As ____ my conversation coped withal' ✾ - Shakespeare✾ e'er ✾
25.2%
“London, 'the great ____' of England, cannot go on growing for ever”
- P. Graham (overcrowded city)
wen
23.2%
✾ 'Horatio, thou art ____ as just a man…' ✾ - Shakespeare✾ e'en ✾
19.5%

Today's Daily Dose

You're not logged in!

Compare scores with friends on all Sporcle quizzes.
OR
Log In

You Might Also Like...

Show Comments

Extras

Top Quizzes Today


Score Distribution

Your Account Isn't Verified!

In order to create a playlist on Sporcle, you need to verify the email address you used during registration. Go to your Sporcle Settings to finish the process.

Report this User

Report this user for behavior that violates our Community Guidelines.

Details: